10 Best Selling Nintendo Switch Games - Statistics

General Stats
  • This quiz has been taken 42 times
  • The average score is 6 of 10
Answer Stats
Sales Game % Correct
29m Mario Kart 8 Deluxe
82%
19m Super Mario Odyssey
82%
19.7m The Legend of Zelda: Breath of the Wild
76%
26m Animal Crossing: New Horizons
74%
21.1m Super Smash Bros. Ultimate
68%
11.3 Splatoon 2
56%
12.1 Super Mario Party
38%
19m Pokemon Sword/Shield
35%
8.3 New Super Mario Bros. U Deluxe
24%
12.5m Pokemon Let's Go Pikachu!/Let's Go Eevee!
18%
No matching quizzes found
Score Distribution
Percent of People with Each Score
Percentile by Number Answered
Your Score History
You have not taken this quiz